Polska fantastyka/science-fiction Quiz Stats

 Plays Quiz not verified by Sporcle

Challenge
Share
Tweet
Embed
Score 0/24 Timer 08:00
0 Plays Today
Hint Answer % Correct
'Solaris'Stanisław Lem
78.9%
'Czas pogardy'Andrzej Sapkowski
63.2%
'Dziedziczki'Andrzej Pilipiuk
36.8%
'Sługa Boży'Jacek Piekara
36.8%
'Paradyzja'Janusz Zajdel
36.8%
'Walc stulecia'Rafał Ziemkiewicz
36.8%
'Perfekcyjna niedoskonałość'Jacek Dukaj
21.1%
'Dzielnica obiecana' (Metro 2033)Paweł Majka
21.1%
'Popiół i kurz'Jarosław Grzędowicz
15.8%
'Żmijowa harfa'Anna Brzezińska
15.8%
'Apostezjon'Edmund Wnuk-Lipiński
15.8%
'Kameleon'Rafał Kosik
10.5%
Hint Answer % Correct
'Kłamca'Jakub Ćwiek
10.5%
'Trzeci Świat'Maciej Guzek
10.5%
'Piołun i miód'Ewa Białołęcka
10.5%
'Przedksiężycowi'Anna Kańtoch
10.5%
'Grillbar Galaktyka, powieść'Maja Kossakowska
5.3%
'Tracę ciepło'Łukasz Orbitowski
5.3%
'Kosmiczne ziarna'Wawrzyniec Podrzucki
5.3%
'Gniazdo światów'Marek S. Huberath
5.3%
'Poszarpane granie'Wit Szostak
5.3%
'Opuścić Los Raques'Maciej Żerdziński
5.3%
'Grombelardzka legenda'Feliks W. Kres
5.3%
'Kolory sztandarów'Tomasz Kołodziejczak
5.3%

You're not logged in!

Compare scores with friends on all Sporcle quizzes.
Join for Free
OR
Log In

You Might Also Like...

Show Comments

Extras

Top Quizzes Today


Score Distribution

Your Account Isn't Verified!

In order to create a playlist on Sporcle, you need to verify the email address you used during registration. Go to your Sporcle Settings to finish the process.

Report this User

Report this user for behavior that violates our Community Guidelines.

Details: